| 000 | 00860cam a2200277 a 4500 | ||
|---|---|---|---|
| 001 | 14145542 | ||
| 005 | 20180226073945.0 | ||
| 008 | 051018s2005 nyu 000 0 eng | ||
| 010 | _a 2005030529 | ||
| 020 | _a1416915966 | ||
| 020 | _a9781416915966 | ||
| 035 | _a(OCoLC)ocm62152828 | ||
| 035 | _a(OCoLC)62152828 | ||
| 040 |
_aDLC _cDLC _dIG# _dBAKER _dBTCTA _dDLC |
||
| 041 | _aeng | ||
| 043 |
_an-us--- _ae-uk-en |
||
| 080 | _a815.008 wil | ||
| 082 | 0 | 0 |
_a815.008 wil _222 |
| 100 | _a50 | ||
| 101 | _apsi | ||
| 245 | 0 | 0 |
_aTake this advice : _cedited by Sandra Bark. |
| 246 | 3 | 0 | _aBest graduation speeches ever given |
| 906 |
_a7 _bcbc _corignew _d1 _eecip _f20 _gy-gencatlg |
||
| 942 |
_2ddc _cBK |
||
| 999 |
_c43456 _d43456 |
||